Power and responsibility : the life and times of Theodore Roosevelt /

Bibliographic Details
Main Author: Harbaugh, William Henry, 1920-
Format: Book
Language:English
Published: New York : Octagon Books, 1975
Subjects:

MARC

Tag First Indicator Second Indicator Subfields
LEADER 00000cam a2200000 i 4500
001 in00000487321
005 20151013053927.0
008 750109r1975 nyu b 00110beng
010 |a  75001054  
020 |a 0374936609 
035 |a (OCoLC)01175287 
035 |9 ACC0911AM 
040 |a DLC  |c DLC  |d TXA  |d UtOrBLW 
049 |a TXAM  |c 1 [1413495], 2 [1139990] 
050 1 0 |a E757  |b .H28 1975 
082 0 |a 973.91/1/0924  |a B 
100 1 |a Harbaugh, William Henry,  |d 1920- 
245 1 0 |a Power and responsibility :  |b the life and times of Theodore Roosevelt /  |c by William Henry Harbaugh. 
264 1 |a New York :  |b Octagon Books,  |c 1975 
264 4 |c ©1963 
300 |a 540 pages :  |b portrait ;  |c 22 cm. 
336 |a text  |b txt  |2 rdacontent 
337 |a unmediated  |b n  |2 rdamedia 
338 |a volume  |b nc  |2 rdacarrier 
500 |a Reprint of the edition published by Farrar, Straus and Cudahy, New York. 
500 |a Includes index. 
504 |a Bibliography: pages 497-524. 
600 1 0 |a Roosevelt, Theodore,  |d 1858-1919. 
999 |a MARS 
999 f f |s 1ac7ddf2-097d-35e8-acd6-88e7ced9aa10  |i 21f0d191-800b-3998-a58a-55028a63b1ba  |t 0 
952 f f |p normal  |a Texas A&M University  |b College Station  |c Sterling C. Evans Library  |d Evans: Library Stacks  |t 0  |e E757 .H28 1975  |h Library of Congress classification  |i unmediated -- volume  |m A14802252561 
998 f f |a E757 .H28 1975  |t 0  |l Evans: Library Stacks